[Event "UGA Inverno op"]
[Site "Barcelona"]
[Date "2002.??.??"]
[Round "1"]
[White "Corvi Hernandez, Josep"]
[Black "Ayza Leon, David"]
[Result "0-1"]
[WhiteElo "1830"]
[BlackElo "2045"]
[PlyCount "148"]
[EventDate "2002.01.21"]
[EventType "swiss"]
[EventRounds "7"]
[EventCountry "ESP"]
[SourceTitle "EXT 2003"]
[Source "ChessBase"]
[SourceDate "2002.11.25"]
[SourceVersion "1"]
[SourceVersionDate "2002.11.25"]
[SourceQuality "1"]

1. e4 c5 2. Nf3 Nc6 3. d4 cxd4 4. Nxd4 Nf6 5. Nc3 e6 6. a3 Bc5 7. Be3 Nxd4 8. Bxd4 Bxd4 9. Qxd4 0-0 10. e5 Ne8 11. 0-0-0 f6 12. f4 fxe5 13. fxe5 a6 14. Kb1 b5 15. Bd3 Bb7 16. Be4 Bxe4 17. Nxe4 Rf7 18. Rhf1 Rxf1 19. Rxf1 Nc7 20. Nd6 Ne8 21. Nf7 Qc7 22. Qf4 Qc5 23. Ng5 Nc7 24. Qf7+ Kh8 25. Qxd7 h6 26. Nf7+ Kg8 27. Nd6 Kh8 28. Nf7+ Kg8 29. Qd3 Qc4 30. Qf3 Qd5 31. Qg4 Kh7 32. Rd1 Qc4 33. Qh5 Qf4 34. g3 Qe3 35. Rf1 Nd5 36. Qg4 Re8 37. Nd6 Re7 38. Rf7 Qxe5 39. Rxe7 Nxe7 40. Ne4 Nf5 41. Qf4 Qd4 42. g4 Qd1+ 43. Qc1 Qxg4 44. Nc5 e5 45. Qe1 Qd4 46. Nxa6 e4 47. Nb4 e3 48. Qe2 Qe5 49. Nd3 Qe4 50. Ne1 Nd4 51. Qd3 Qxd3 52. Nxd3 Nf3 53. Kc1 e2 54. b4 e1Q+ 55. Nxe1 Nxe1 56. Kd2 Nf3+ 57. Kd3 Ne5+ 58. Kc3 Nc6 59. Kd3 Kg6 60. c4 Ne5+ 61. Kd4 Nxc4 62. a4 Nd6 63. axb5 Nxb5+ 64. Kc5 Na3 65. Kd5 Kf5 66. h3 g5 67. Kc5 g4 68. hxg4+ Kxg4 69. Kd5 h5 70. Ke4 h4 71. Kd3 h3 72. Kc3 h2 73. Kb3 Nb5 74. Kc4 Nc7 0-1

[Event "Ideal Clave op 7th"]
[Site "Barcelona"]
[Date "2001.10.06"]
[Round "2"]
[White "Martinez, Bernat"]
[Black "Corvi Hernandez, Josep"]
[Result "0-1"]
[WhiteElo "2000"]
[BlackElo "1825"]
[PlyCount "94"]
[EventDate "2001.09.29"]
[EventType "swiss"]
[EventRounds "8"]
[EventCountry "ESP"]
[SourceTitle "EXT 2003"]
[Source "ChessBase"]
[SourceDate "2002.11.25"]
[SourceVersion "1"]
[SourceVersionDate "2002.11.25"]
[SourceQuality "1"]

1. e4 c5 2. Nf3 a6 3. Nc3 Nc6 4. a4 e5 5. Bc4 Nf6 6. d3 Be7 7. Ng5 0-0 8. f4 d6 9. 0-0 Bg4 10. Qe1 h6 11. Nxf7 Rxf7 12. f5 Nd4 13. Qf2 Qe8 14. h3 Bh5 15. g4 Nxg4 16. hxg4 Bxg4 17. Qg2 h5 18. Be3 Kh8 19. Bxd4 cxd4 20. Bxf7 Qxf7 21. Nd1 Bg5 22. c4 dxc3 23. bxc3 Qb3 24. Qb2 Bxd1 25. Qxb3 Bxb3 26. Rfb1 Bc2 27. Rxb7 Bxd3 28. Kf2 Bxe4 29. Rd7 Bxf5 30. Rxd6 Rf8 31. Ke2 Bg4+ 32. Kd3 Rf3+ 33. Kc2 Rf2+ 34. Kb3 e4 35. Rxa6 e3 36. Ra8+ Kh7 37. Re8 e2 38. a5 Rf1 39. Ra3 e1Q 40. Rxe1 Rxe1 41. a6 Rb1+ 42. Kc4 Rb8 43. Kd4 Bf6+ 44. Ke4 Ra8 45. a7 Be7 46. Ra5 Bd8 47. Rd5 Bb6 0-1